HGGSP : De nouveaux espaces de conquête - Statistiques

Statistiques générales
  • Ce quiz a été pris 3 459 fois
  • Le résultat moyen est 25 sur 78
Statistiques - réponses
Question Réponse % Correct
Quel pays est considéré comme vainqueur de la course à l'espace ? états-unis
82%
Quel est le nom du premier satellite artificiel de l'histoire lancé par les soviétiques ? Spoutnik
82%
En quelle année ce satellite est-il lancé ? 1957
81%
Quelle société américaine d'Elon Musk symbolise l'arrivée des nouveaux acteurs privés ? SpaceX
79%
Vrai ou faux : Cela provoque une réponse en hausse du budget spatiale américain. Faux
74%
Vrai ou faux : Les taïkonautes ("astronaute" chinois) peuvent se rendre dans l'ISS. Faux
72%
Quelle organisation américaine, avec notamment Von Braun, est créée l'année suivante ? NASA
70%
Quel pays possède le plus de porte-avions au monde ? états-unis
67%
Cite un des six pays possédant de façon certaine cette technologie. états-unis-Russie-Inde-Chine-France-Royaume-Uni
67%
Vrai ou Faux : Cette convention a permis de clore les débats sur l’appropriation de l'espace maritime. Faux
67%
Quel président américain parle de nouvelle frontière pour lancer la quête américaine de l'espace et de la Lune ? Kennedy
67%
Quel écrivain a écrit "vingt mille lieux sous les mers" ou "De la Terre à la Lune" démontrant l'imaginaire des hommes sur ces deux espaces ? Jules Verne
66%
Qui est le premier homme a être envoyé dans l'espace ? Gagarine
63%
Dans quelle ville est décidée la convention permettant de fixer un cadre légal commun sur le droit de la mer ? Montego bay
60%
En quelle année cette convention sur le droit de la mer est-elle décidée ? 1982
59%
En mille marin, à combien s'étend la zone économique exclusive à la suite de cette convetion ? 200
59%
Vers quel continent les états-unis redirigent-ils leurs forces maritimes depuis 2011 et l'annonce de cette nouvelle stratégie par Barack Obama Asie
57%
Quand le traité sur l'Espace est-il mis en place ? 1967
55%
Quel pays essaie de se doter d'une flotte de qualité pour dépasser le statut de puissance régionale de l'océan indien ? Inde
52%
Comment s'appelle le programme américain permettant l'envoie d'un Homme sur la Lune ? Appolo
50%
Quel expression anglaise désigne cette nouvelle phase de conquête de l'espace ? New Space
49%
Quel est le pourcentage des flux intercontinentaux de marchandises transporté par la mer ? 90
48%
Qui a réalisé la première circumnavigation de l'Histoire en 1522 ? Magellan
47%
Au début de quelle décennie l'ISS devrait-elle être désorbitée pour ensuite disparaître ? 2030
46%
Vrai-Faux : Cette dernière sera uniquement chinoise. Faux
46%
Que signifie le sigle SNLE ? Sous-marin nucléaire lanceur d'engin
42%
Quel nom porte le premier satellite français lancé en 1965 ? Asterix
41%
Quand l'agence spatiale européenne est-elle créée ? 1975
40%
Quand les américains adoptent-ils le Space Act, remettant en question le traité sur l'Espace ? 2015
38%
Sur la "face cachée" de quel astre la Chine réalise-t-elle une première mondiale en 2019 ? la Lune
38%
Qui est alors le leader de ce nouvel état communiste ? Mao Zedong
37%
Quel ingénieur de l'Allemagne nazie a développé différents missiles servant de base aux fusées d'après-guerre ? Von Braun
37%
Quand la République Populaire de Chine est-elle proclamée ? 1949
36%
En 2022, combien de ports conteneurisés parmi les dix premiers étaient situés en Chine ? 8
30%
Quand l'URSS envoie-t-elle la première station spatiale Saliout 1 ? 1971
29%
Quel homme politique chinois arrive au pouvoir à partir de 1978 ? Deng Xiaoping
28%
Comment se dénomme la station soviétique, lancée en 1986, rendue accessible aux autres nationalités dont les américains, européens et japonais ? Mir
28%
Quelle expression anglophone désigne la capacité d'un état à être une puissance complète par la maîtrise des mers et des océans ? sea power
27%
Quand le traité sur la Lune est-il mis en place ? 1979
26%
Quand la Russie rejoint-elle le projet de la station spatiale internationale lancée par les USA ? 1993
26%
Quand Neil Armstrong pose-t-il, à l'heure française, le pied sur la Lune ? (format jour mois année) 21 juillet 1969
26%
Dans quelle mer la Chine commence-t-elle alors à s'installer illégalement afin d'affirmer sa puissance ? Mer de Chine méridionale
26%
Quel mot, d'origine grec, désigne la puissance maritimes des états-unis ? Thalassokrator
23%
à proximité de quel état les états-unis ont-ils déployé un porte-avions en 2019, afin de faire usage de la force de projection maritime, et menacer cet état d'une intervention militaire ? Iran
20%
Comment se dénomme la navette qui a explosé en 1986 ? Challenger
17%
Quand la space force américaine voit-elle le jour ? 2019
16%
Quel pays voisin obtient gain de cause à la Haye afin de critiquer la politique expansionniste chinoise ? Philippines
16%
Quelle stratégie est mise en place dans l'océan indien afin de sécuriser les routes maritimes et affirmer la prééminence chinoise en Asie ? collier de perles
15%
Dans quelle guerre la Chine intervient-elle afin de montrer sa puissance et se construire en opposition au géant américain ? Guerre de corée
15%
que garantit ce traité ? libre accès
14%
à partir de quel paramètre le temps de séjour disponible dans l'ISS est-il défini par pays ? pourcentage participation au budget
13%
Par l'espace, la Chine affirme quelle composante de sa puissance ? Soft power
13%
Quand le premier satellite chinois est-il lancé ? 1970
12%
Quelle infrastructure permet de transmettre la majorité des informations numériques à travers le monde ? câble sous-marins
12%
Comment s'appelle l'opération américain lancée à la fin de la Seconde Guerre mondiale afin de recruter les scientifiques allemands ? Paperclip
12%
Alors qu'en 1950, seulement 18 pays possédaient des sous-marins, à combien s'élève ce chiffre aujourd'hui ? 42
11%
Quel organisme intergouvernemental contrôle les activités dans les fonds marins, considérés comme "patrimoine commun de l'humanité" ? (sigle attendu) AIFM
11%
Comment se dénomme la station spatiale américaine qui se désintègre en 1979 ? Skylab
11%
Quel est le nom de la station spatiale chinoise en construction ? Tiangong
11%
Quel spationaute est le premier européen de l'ouest à se rendre au bord de la station Saliout 7 en 1982 ? Jean-Loup Chrétien
10%
Comment se dénomme la sonde spatiale indienne s'étant posée au sud de la Lune en août 2023 ? Chandrayaan
9%
En comparaison avec les autres pays du monde, le CNSA dispose aujourd'hui de quel budget dans le classement mondial ? 2ème
8%
Quelle "ligne" est utilisée par la Chine afin de revendiquer la possession de cette mer ? (en lettre) Ligne à neuf traits
8%
Quelle société, fondée en 1980, est la première dans le lancement de satellites au monde ? Arianespace
7%
Quelle est l'opération militaire menée par l'Europe au large de la corne de l'Afrique pour lutter contre la piraterie ? Atalante
7%
Quel espace de la Chine est alors modernisé afin de répondre à ces nouvelles ambitions ? Littoral
7%
Comment la Lune est-elle considérée à la suite de ce traité ? Patrimoine commun de l'humanité
7%
Comment s'appelle le premier taïkonaute chinois, lancé par la Chine, en 2003 ? Yang Liwei
7%
Comment s'appelle cette mission qui démontre les capacités chinoises ? Chang'e
6%
Comment se dénomme-t-il ? (signification "l'orient est rouge") Dong Fang Hong
5%
Comment se dénomme les lanceurs chinois, en référence à Mao ? Longue Marche
5%
Quand l'administration spatiale nationale chinoise est-elle créée ? 1993
4%
Quel minerai, au coeur des enjeux économiques et technologiques de demain, est "découvert" en 2017 en mer de Chine par le sous-marin Jiaolong ? nodules polymétalliques
4%
Quel dénomme sa politique de rupture en Chine réalisée afin d'ouvrir le pays à l'économie mondiale ? Quatre modernisations
4%
Comment s'appelle la station soviétique en construction ? ROSS
4%
Quel surnom, que pouvait prendre les empereurs chinois, est aujourd'hui réutilisé pour montrer le lien séculier entre la Chine et l'Espace ? fils du ciel
3%
Comment s'appelle le premier porte-avion chinois lancé en 2012 ? Liaoning
3%
Comment s'appelle le rover chinois à s'être posée sur la surface martienne en 2021, faisant de la Chine la troisième puissance à réaliser cela ? Tianwen
2%
Aucun quiz correspondant
Distribution des résultats
% des personnes avec chaque résultat
Percentile par nombre de réponses
Votre historique - résultats
Vous n’avez pas pris ce quiz